| Tag |
First Indicator |
Second Indicator |
Subfields |
| LEADER |
00000cam a2200000 i 4500 |
| 001 |
in00000311921 |
| 005 |
20151010094442.0 |
| 008 |
770810s1978 nyua b 00110 eng |
| 010 |
|
|
|a 77010319
|
| 020 |
|
|
|a 0070016372
|
| 035 |
|
|
|a (OCoLC)03224160
|
| 035 |
|
|
|9 ABG9285AM
|
| 040 |
|
|
|a DLC
|c DLC
|d TXA
|d UtOrBLW
|
| 049 |
|
|
|a TXAM
|c 1 [1477463], 2 [A25397851]
|
| 050 |
0 |
0 |
|a TL570
|b .A68
|
| 082 |
1 |
|
|a 629.1
|
| 100 |
1 |
|
|a Anderson, John D.,
|c Jr.
|q (John David),
|d 1937-
|
| 245 |
1 |
0 |
|a Introduction to flight :
|b its engineering and history /
|c John D. Anderson, Jr.
|
| 264 |
|
1 |
|a New York :
|b McGraw-Hill,
|c [1978]
|
| 264 |
|
4 |
|c ©1978
|
| 300 |
|
|
|a xii, 432 pages :
|b illustrations ;
|c 24 cm.
|
| 336 |
|
|
|a text
|b txt
|2 rdacontent
|
| 337 |
|
|
|a unmediated
|b n
|2 rdamedia
|
| 338 |
|
|
|a volume
|b nc
|2 rdacarrier
|
| 504 |
|
|
|a Includes bibliographies and index.
|
| 650 |
|
0 |
|a Flight.
|
| 650 |
|
0 |
|a Aerodynamics.
|
| 650 |
|
0 |
|a Space flight.
|
| 650 |
|
0 |
|a Airplanes
|x Design and construction.
|
| 999 |
|
|
|a MARS
|
| 999 |
f |
f |
|s b2e52ce7-c473-3369-8640-f802a5f83821
|i 9ef87abe-2b40-3f19-9864-f44f787b1b28
|t 0
|
| 952 |
f |
f |
|p normal
|a Texas A&M University
|b College Station
|c Sterling C. Evans Library
|d Evans: Library Stacks
|t 0
|e TL570 .A68
|h Library of Congress classification
|i unmediated -- volume
|m A14825397851
|
| 998 |
f |
f |
|a TL570 .A68
|t 0
|l Evans: Library Stacks
|